[Event "3. Open Bohumin 2020"]
[Site "Bohumin"]
[Date "2020.07.21"]
[Round "4.17"]
[White "Terpstra, Wiep"]
[Black "Valencik, Jozef"]
[Result "1/2-1/2"]
[WhiteElo "1803"]
[BlackElo "2079"]
[Annotator "TA"]
[PlyCount "84"]
[EventDate "2020.07.18"]
[EventType "swiss"]
[EventCountry "CZE"]
[SourceTitle "playchess.com"]
[Source "ChessBase"]
[SourceQuality "1"]

{[%evp 11,84,-6,0,0,0,-4,0,0,6,0,4,-14,6,-12,18,0,0,-6,0,0,0,0,9,0,14,14,17,14,21,6,6,0,12,6,7,0,13,6,22,16,28,34,40,40,46,40,41,42,49,72,70,56,83,68,55,17,18,12,56,0,0,0,0,0,0,0,3,0,0,0,0,0,0,0,0]} 1. d4 Nf6 2. Nf3 e6 3. Bf4 d5 4. e3 Bd6 5. Bg3 O-O 6. Nbd2 b6 7. c3 {D02: 1 d4 d5 2 Nf3 sidelines, including 2...Nf6 3 g3 and 2...Nf6 3 Bf4.} Bb7 8. Bd3 Ne4 9. Ne5 Nd7 (9... f6 {feels hotter.} 10. Nec4 Be7 11. Bxe4 dxe4 12. O-O a5) 10. Nxd7 Qxd7 11. Bxd6 Qxd6 12. Qc2 {[%cal Rd2e4]} f5 13. f4 {[#]} c5 $146 ({Predecessor:} 13... Nxd2 14. Qxd2 c5 15. b4 a5 16. bxc5 bxc5 17. O-O Bc6 18. Rab1 c4 19. Be2 Rab8 {0-1 (36) Laustsen,K (1807)-Gasthofer,V (2298) Wunsiedel 2018}) 14. O-O Rac8 15. Nf3 cxd4 16. Nxd4 a6 17. Nf3 b5 18. a3 Qb6 19. Qe2 Nd6 20. Ne5 Rc7 21. Rac1 a5 22. h3 Rfc8 23. Qd2 Ba6 24. Rfe1 Nb7 25. g4 Nc5 26. Bc2 Ne4 27. Bxe4 fxe4 28. g5 Qc5 29. Rcd1 b4 30. axb4 axb4 31. cxb4 Qb6 {[#]} 32. Rc1 $1 Rxc1 33. Rxc1 Rxc1+ 34. Qxc1 Qxb4 35. Qc3 ({White should play} 35. Nc6 $14 Qc4 36. Qxc4 Bxc4 37. b4) 35... Qxc3 {The position is equal.} 36. bxc3 $11 {[%mdl 4096] Endgame KB-KN} Kf8 37. Kf2 Ke7 38. h4 Bb5 39. Ke1 Kd6 40. Kd2 Kc5 41. h5 Be8 42. h6 gxh6 {Accuracy: White = 96%, Black = 93%.} 1/2-1/2

[Event "3. Open Bohumin 2020"]
[Site "Bohumin"]
[Date "2020.07.21"]
[Round "4.18"]
[White "Czerw, Dawid"]
[Black "Adamczyk, Piotr"]
[Result "1-0"]
[WhiteElo "2287"]
[BlackElo "1825"]
[Annotator "ChessBase"]
[PlyCount "85"]
[EventDate "2020.07.18"]
[EventType "swiss"]
[EventCountry "CZE"]
[SourceTitle "playchess.com"]
[Source "ChessBase"]
[SourceQuality "1"]
[TimeControl "40/5400+30:900+30"]

1. d4 {[%emt 0:00:00]} Nf6 {[%emt 0:00:00]} 2. c4 {[%emt 0:00:00]} e5 {[%emt 0:00:49]} 3. dxe5 {[%emt 0:00:00]} Ng4 {[%emt 0:00:15]} 4. Bf4 {[%emt 0:01:16]} Nc6 {[%emt 0:00:42]} 5. Nf3 {[%emt 0:00:30]} Bb4+ {[%emt 0:03:53]} 6. Nbd2 {[%emt 0:00:19]} Qe7 {[%emt 0:01:27]} 7. e3 {[%emt 0:00:15]} Ngxe5 {[%emt 0:00:52]} 8. Nxe5 {[%emt 0:01:10]} Nxe5 {[%emt 0:00:16]} 9. Be2 {[%emt 0:00:07]} d6 {[%emt 0:04:34]} 10. O-O {[%emt 0:00:32]} O-O {[%emt 0:01:13]} 11. Nb3 {[%emt 0:03:35]} Bf5 {[%emt 0:05:45]} 12. a3 {[%emt 0:08:30]} Bc5 {[%emt 0:01:25]} 13. Nxc5 {[%emt 0:00:30]} dxc5 {[%emt 0:00:03]} 14. Qb3 {[%emt 0:18:53]} Be4 {[%emt 0:05:03]} 15. Qc3 {[%emt 0:01:54]} Ng6 {[%emt 0:01:27]} 16. Bg3 {[%emt 0:00:25]} f5 {[%emt 0:11:45]} 17. Rae1 {[%emt 0:02:24]} Qg5 {[%emt 0:06:10]} 18. f3 {[%emt 0:01:52]} Bc6 {[%emt 0:00:51]} 19. Bxc7 {[%emt 0:01:48]} Rae8 {[%emt 0:01:29]} 20. Bd1 {[%emt 0:01:37]} Rf7 {[%emt 0:07:01]} 21. Bd6 {[%emt 0:12:13]} b6 {[%emt 0:01:16]} 22. Bc2 {[%emt 0:02:34]} h5 {[%emt 0:02:33]} 23. Rf2 {[%emt 0:11:58]} Nh4 {[%emt 0:07:00]} 24. Bd1 {[%emt 0:01:34]} Re6 {[%emt 0:02:02]} 25. Bf4 {[%emt 0:02:20]} Qe7 {[%emt 0:00:44]} 26. Bg3 {[%emt 0:02:35]} Ng6 {[%emt 0:01:25]} 27. Rff1 {[%emt 0:01:16]} h4 {[%emt 0:00:44]} 28. Bf4 {[%emt 0:00:18]} Nf8 {[%emt 0:02:52]} 29. h3 {[%emt 0:02:22]} g5 {[%emt 0:00:54]} 30. Bh2 {[%emt 0:00:07]} Ng6 {[%emt 0:05:47]} 31. b4 {[%emt 0:00:57]} Ne5 {[%emt 0:03:41]} 32. Bc2 {[%emt 0:02:05]} Qf6 {[%emt 0:05:22]} 33. Kh1 {[%emt 0:03:27]} Ng6 {[%emt 0:04:06]} 34. Qxf6 {[%emt 0:00:25]} Rfxf6 {[%emt 0:00:33]} 35. bxc5 {[%emt 0:01:00]} bxc5 {[%emt 0:00:19]} 36. Bg1 {[%emt 0:01:55]} Ne5 {[%emt 0:00:49]} 37. f4 {[%emt 0:02:02]} Nf7 {[%emt 0:05:24]} 38. fxg5 {[%emt 0:01:07]} Nxg5 {[%emt 0:00:28]} 39. Bxf5 {[%emt 0:02:01]} Re5 {[%emt 0:01:00]} 40. Bg4 {[%emt 0:02:03]} Rd6 {[%emt 0:01:44]} 41. Bh2 {[%emt 0:16:40]} Rd2 {[%emt 0:15:19]} 42. Bxe5 {[%emt 0:00:14]} Rxg2 {[%emt 0:00:23]} 43. e4 {[%emt 0:00:16]} 1-0

[Event "3. Open Bohumin 2020"]
[Site "Bohumin"]
[Date "2020.07.21"]
[Round "4.19"]
[White "Kula, Dominik"]
[Black "Polak, Radim"]
[Result "1-0"]
[WhiteElo "2250"]
[BlackElo "1796"]
[Annotator "ChessBase"]
[PlyCount "101"]
[EventDate "2020.07.18"]
[EventType "swiss"]
[EventCountry "CZE"]
[SourceTitle "playchess.com"]
[Source "ChessBase"]
[SourceQuality "1"]
[TimeControl "40/5400+30:900+30"]

1. d4 {[%emt 0:00:00]} d5 {[%emt 0:00:00]} 2. Nf3 {[%emt 0:00:00]} Nf6 {[%emt 0:00:00]} 3. Bf4 {[%emt 0:00:00]} Bf5 {[%emt 0:00:31]} 4. e3 {[%emt 0:00:00]} e6 {[%emt 0:00:30]} 5. Nbd2 {[%emt 0:01:52]} Be7 {[%emt 0:00:29]} 6. Ne5 {[%emt 0:00:32]} Nbd7 {[%emt 0:01:18]} 7. g4 {[%emt 0:01:08]} Be4 {[%emt 0:12:00]} 8. f3 {[%emt 0:01:53]} Bg6 {[%emt 0:03:36]} 9. h4 {[%emt 0:00:49]} h6 {[%emt 0:03:43]} 10. Nxg6 {[%emt 0:00:39]} fxg6 {[%emt 0:00:16]} 11. c4 {[%emt 0:01:15]} Nxg4 {[%emt 0:05:46]} 12. fxg4 {[%emt 0:00:19]} Bxh4+ {[%emt 0:00:09]} 13. Ke2 {[%emt 0:00:15]} g5 {[%emt 0:00:25]} 14. Be5 {[%emt 0:06:08]} Nxe5 {[%emt 0:01:01]} 15. dxe5 {[%emt 0:00:03]} O-O {[%emt 0:01:41]} 16. Nf3 {[%emt 0:04:49]} Rxf3 {[%emt 0:03:22]} 17. Kxf3 {[%emt 0:00:03]} Qf8+ {[%emt 0:00:06]} 18. Ke2 {[%emt 0:00:04]} Qf2+ {[%emt 0:00:04]} 19. Kd3 {[%emt 0:00:04]} Qxb2 {[%emt 0:03:43]} 20. Qc1 {[%emt 0:05:52]} Qxe5 {[%emt 0:07:21]} 21. Bg2 {[%emt 0:01:07]} dxc4+ {[%emt 0:02:31]} 22. Kxc4 {[%emt 0:00:44]} c6 {[%emt 0:03:17]} 23. Rb1 {[%emt 0:07:01]} b5+ {[%emt 0:05:55]} 24. Kb3 {[%emt 0:00:40]} a5 {[%emt 0:06:14]} 25. Qc3 {[%emt 0:02:15]} a4+ {[%emt 0:01:09]} 26. Kb2 {[%emt 0:02:19]} a3+ {[%emt 0:07:40]} 27. Kb3 {[%emt 0:00:17]} Qg3 {[%emt 0:05:15]} 28. Qxc6 {[%emt 0:00:27]} Qxe3+ {[%emt 0:01:20]} 29. Qc3 {[%emt 0:00:07]} Qf4 {[%emt 0:00:43]} 30. Kc2 {[%emt 0:05:12]} Qf2+ {[%emt 0:02:23]} 31. Qd2 {[%emt 0:00:04]} Rc8+ {[%emt 0:01:12]} 32. Kd1 {[%emt 0:00:02]} Qb6 {[%emt 0:00:56]} 33. Rb3 {[%emt 0:01:09]} Qc5 {[%emt 0:08:35]} 34. Rf1 {[%emt 0:01:28]} Qc4 {[%emt 0:02:04]} 35. Rb4 {[%emt 0:00:19]} Qc7 {[%emt 0:01:26]} 36. Rd4 {[%emt 0:00:37]} Bg3 {[%emt 0:01:45]} 37. Rd7 {[%emt 0:02:01]} Qe5 {[%emt 0:01:39]} 38. Rd8+ {[%emt 0:00:55]} Rxd8 {[%emt 0:00:43]} 39. Qxd8+ {[%emt 0:00:05]} Kh7 {[%emt 0:00:16]} 40. Qd3+ {[%emt 0:00:14]} Kg8 {[%emt 0:00:27]} 41. Qxa3 {[%emt 0:18:19]} Qd4+ {[%emt 0:16:52]} 42. Kc2 {[%emt 0:00:36]} Bf4 {[%emt 0:01:41]} 43. Qc3 {[%emt 0:01:40]} Qa4+ {[%emt 0:01:50]} 44. Qb3 {[%emt 0:00:17]} Qa6 {[%emt 0:01:37]} 45. Re1 {[%emt 0:00:28]} Qc8+ {[%emt 0:03:03]} 46. Kb1 {[%emt 0:00:19]} Kf7 {[%emt 0:00:00]} 47. Qxb5 {[%emt 0:00:00]} Qc3 {[%emt 0:00:00]} 48. Qb7+ {[%emt 0:00:00]} Kf8 {[%emt 0:00:00]} 49. Qa8+ {[%emt 0:00:00]} Kf7 {[%emt 0:00:00]} 50. Qe4 {[%emt 0:00:00]} e5 {[%emt 0:00:00]} 51. Rd1 {[%emt 0:00:00]} 1-0

[Event "3. Open Bohumin 2020"]
[Site "Bohumin"]
[Date "2020.07.21"]
[Round "4.20"]
[White "Starosta, Martyna"]
[Black "Zniszczol, Wiktoria"]
[Result "1-0"]
[WhiteElo "2079"]
[BlackElo "1598"]
[Annotator "TA"]
[PlyCount "103"]
[EventDate "2020.07.18"]
[EventType "swiss"]
[EventCountry "CZE"]
[SourceTitle "playchess.com"]
[Source "ChessBase"]
[SourceQuality "1"]

{[%evp 17,103,39,44,33,35,4,73,66,126,123,135,133,148,131,135,125,144,103,108,115,112,104,249,185,174,130,137,131,168,156,181,165,213,164,165,181,169,185,164,139,225,217,236,247,247,204,293,293,351,241,337,324,353,328,383,378,378,397,384,376,375,362,480,248,248,239,243,248,264,262,353,348,425,401,430,426,589,470,596,585,2160,2076,29988,29989,29989,29990,29990,29991]} 1. e4 e5 2. Nf3 d6 3. d4 Nf6 4. Nc3 Nbd7 5. Bc4 Be7 6. O-O O-O 7. a4 c6 8. Qe2 Qc7 9. Ba2 b6 10. Rd1 {C41: Philidor Defence.} Bb7 11. Nh4 g6 {[#]} (11... exd4 $11 12. Rxd4 d5) 12. Bh6 $146 {White is better.} ({Predecessor:} 12. Nf3 exd4 13. Rxd4 Ne5 14. h3 Rfe8 15. Bg5 Rad8 16. Rad1 Bc8 17. Nxe5 dxe5 18. Rxd8 Rxd8 {½-½ (41) Arsenault,N (2153)-Juhasz,K (2274) Budapest 2010}) 12... Rfe8 {[#]} (12... exd4 $14 13. Bxf8 (13. Rxd4 Rfe8 $16) 13... Bxf8 14. Rxd4 Re8) 13. Qc4 $1 $16 {[%mdl 512]} Rf8 14. Bxf8 Rxf8 15. Nf3 Qb8 16. dxe5 dxe5 17. Rd2 Nc5 18. b4 Ne6 19. Rad1 Nf4 {This move loses the game for Black.} (19... Kg7 $16 20. Rb1 c5) 20. Ne2 {Strongly threatening Nxf4.} Ne6 21. c3 c5 22. Ng3 Rc8 {Black wants to play ...cxb4.} 23. b5 Rf8 24. Ne1 Nf4 25. f3 Bc8 26. Qf1 Qc7 27. Nc2 c4 28. Bxc4 Bc5+ (28... h5 $16 {was necessary.}) 29. Kh1 $18 h5 30. Ne2 Ne6 31. Bd5 a6 (31... h4 {keeps fighting.} 32. c4 Nh5) 32. Nb4 a5 33. Nc6 h4 34. Bxe6 Bxe6 35. Qe1 Kg7 36. Qxh4 Rh8 37. Qg3 Rh5 38. h3 Bb3 39. Ra1 Bc4 {[#]} 40. Qh2 (40. Ned4 $142 $1) 40... Be3 41. Rb2 Nd7 42. Ng3 {[%cal Be2g3,Bg3f1,Bf1h2,Bh2g4][%mdl 32]} Rh8 {[#] ...Bf4 would now be nice for Black.} 43. Nf1 $1 {[%cal Rf1e3]} Bc5 44. Qg3 f6 45. Rd1 Rh5 46. Rbd2 Be6 47. Nh2 Kf7 48. Ng4 Rg5 49. Qh4 Rh5 {[#]} 50. Rxd7+ $1 {[%mdl 64] Remove Defender. White mates.} Bxd7 (50... Qxd7 51. Qxf6+) 51. Qxf6+ {[%mdl 64] Double Attack} Kg8 52. Qxg6+ {[%mdl 64] Double Attack. Accuracy: White = 70%, Black = 38%.} 1-0

[Event "3. Open Bohumin 2020"]
[Site "Bohumin"]
[Date "2020.07.22"]
[Round "5.1"]
[White "Kriebel, Tadeas"]
[Black "Molenda, Marcin"]
[Result "1-0"]
[WhiteElo "2515"]
[BlackElo "2363"]
[Annotator "TA"]
[PlyCount "53"]
[EventDate "2020.07.18"]
[EventType "swiss"]
[EventCountry "CZE"]
[SourceTitle "playchess.com"]
[Source "ChessBase"]
[SourceQuality "1"]

{[%evp 12,53,54,25,58,43,98,93,152,87,102,112,160,106,172,179,204,202,197,205,245,0,83,40,36,-13,89,92,104,96,110,118,131,121,123,123,135,122,204,193,206,208,204,204]} 1. e4 c5 2. Nf3 e6 3. d4 cxd4 4. Nxd4 Nc6 5. Nc3 Qc7 6. Be3 a6 7. Nxc6 {7.Qf3 is a critical line.} Qxc6 {B48: Sicilian: Taimanov: 5 Nc3 Qc7 6 Be3 a6 without Be2.} 8. a4 {[#]} b6 $146 ({Better is} 8... Nf6 $14) ({Predecessor:} 8... d6 9. Bd3 Nf6 10. O-O Be7 11. f4 Qc7 12. Qf3 Bd7 13. Kh1 Bc6 14. Bd4 O-O 15. Rae1 {½-½ (33) Mitkov,N (2534)-Collutiis,D (2387) Campobasso 2004}) 9. Qd4 $16 Rb8 {[#]} (9... Qc5 $142) 10. O-O-O (10. Nd5 $142 $1) 10... f6 11. e5 Bc5 12. Qf4 ({White should try} 12. Qg4 Kf8 13. Qg3) 12... f5 (12... Qc7 $16) 13. Bxc5 $18 Qxc5 {[#]} 14. g4 $1 {[%cal Rg4f5]} Ne7 15. gxf5 O-O 16. Bh3 $2 (16. Ne4 $18 Qc7 17. Rg1 Nxf5 18. Bd3) 16... Ng6 (16... Nxf5 $11 17. Rhe1 Ne7) 17. Qg3 exf5 18. Rd5 Qc4 (18... f4 $1 $11 {keeps the balance.} 19. Qg1 Qe7) 19. Rhd1 $16 Qf4+ 20. Kb1 Qxg3 21. hxg3 ({But not} 21. fxg3 $6 f4 $11) 21... Bb7 22. Rxd7 {aiming for f4.} Nxe5 23. Re7 Nc6 24. Rc7 {Rdd7! is the strong threat.} Nd8 (24... Rf7 $16 {keeps fighting.} 25. Rxf7 Kxf7) 25. Rdd7 {White is clearly better.} Rf7 26. Rxf7 Nxf7 27. Bxf5 {Accuracy: White = 67%, Black = 38%.} 1-0

[Event "3. Open Bohumin 2020"]
[Site "Bohumin"]
[Date "2020.07.22"]
[Round "5.2"]
[White "Kucza, Karol"]
[Black "Pulpan, Jakub"]
[Result "1/2-1/2"]
[WhiteElo "2245"]
[BlackElo "2407"]
[Annotator "TA"]
[PlyCount "48"]
[EventDate "2020.07.18"]
[EventType "swiss"]
[EventCountry "CZE"]
[SourceTitle "playchess.com"]
[Source "ChessBase"]
[SourceQuality "1"]

{[%evp 15,48,29,15,0,0,0,0,0,0,0,0,0,63,50,66,53,47,46,59,-8,0,0,0,0,0,0,0,0,0,0,0,0,0,-16,-13]} 1. e4 c5 2. Nf3 d6 3. d4 cxd4 4. Nxd4 Nf6 5. Nc3 a6 6. Bg5 e6 7. f4 h6 8. Bh4 Qb6 {8...Qb6 is better than 8...Be7.} 9. Qd2 {B96: Sicilian Najdorf: 6 Bg5 e6 7 f4, lines other than 7...Qb6 and 7...Be7.} Qxb2 10. Rb1 Qa3 11. f5 Be7 12. fxe6 fxe6 13. Bc4 $1 {[#]} O-O $146 (13... Nxe4 $11 14. Nxe4 Bxh4+ 15. g3 d5 {[%mdl 64] Double Attack} 16. gxh4 O-O) ({Predecessor:} 13... Nxe4 14. Nxe4 Bxh4+ 15. g3 Bg5 16. Nxg5 hxg5 17. O-O Qc5 18. Qf2 Nc6 19. Nxe6 Qxf2+ 20. Rxf2 Bxe6 21. Bxe6 {½-½ (32) Ortiz Suarez,I (2577)-Vachier Lagrave,M (2744) Baku 2015}) 14. Nxe6 $14 Bxe6 15. Bxe6+ Kh8 {With the idea ...Nxe4.} 16. O-O Nc6 17. Bxf6 ({White should try} 17. Bf2 $1 $14) 17... Bxf6 {The position is equal.} 18. Nd5 Bg5 19. Qd3 $36 {[%mdl 2048] White has good play.} Qc5+ 20. Kh1 Rae8 {[#] Strongly threatening ...Rxf1+.} 21. Nc7 Rd8 $1 {Hoping for ...Ne5.} 22. Qc4 Nd4 23. Qxc5 dxc5 24. Bd5 Bf4 {Accuracy: White = 89%, Black = 92%.} 1/2-1/2

[Event "3. Open Bohumin 2020"]
[Site "Bohumin"]
[Date "2020.07.22"]
[Round "5.3"]
[White "Weinzettl, Ernst"]
[Black "Goluch, Piotr"]
[Result "0-1"]
[WhiteElo "2166"]
[BlackElo "2376"]
[Annotator "TA"]
[PlyCount "54"]
[EventDate "2020.07.18"]
[EventType "swiss"]
[EventCountry "CZE"]
[SourceTitle "playchess.com"]
[Source "ChessBase"]
[SourceQuality "1"]

{[%evp 9,54,0,0,0,2,0,-6,-14,0,0,12,0,9,0,0,0,12,0,0,0,0,-11,-2,-20,-9,-10,-6,-16,-14,-16,-4,-14,0,-37,0,-26,10,-27,44,0,26,0,0,-254,-257,-257,-273]} 1. e4 c6 2. d4 d5 3. exd5 cxd5 4. Bf4 Nc6 5. c3 Bf5 6. Nd2 {B13: Caro-Kann: Exchange Variation and Panov-Botvinnik Attack.} e6 7. Ngf3 {7.Ngf3 scores better than 7.Qb3.} h6 {[#]} 8. Ne5 $146 {The position is equal.} ({Predecessor:} 8. Bb5 Bd6 9. Bxc6+ bxc6 10. Bxd6 Qxd6 11. O-O Ne7 12. Nb3 Bg4 13. Qd3 Bxf3 14. Qxf3 {1-0 (62) Sjugirov,S (2662)-Robson,R (2670) chess24.com INT 2020}) 8... Nxe5 9. Bxe5 {aiming for Qa4+.} a6 10. Nb3 Ne7 11. Bd3 Bxd3 12. Qxd3 Nc6 13. O-O (13. Bg3 {is interesting.} Ne7 14. O-O Nf5 15. Rfe1 Be7 16. Be5) 13... Nxe5 14. dxe5 Rc8 15. Kh1 g6 16. Rae1 Qb6 17. Re2 h5 18. Nd4 Bc5 19. Nf3 Be7 20. Nd4 Rc4 21. f4 h4 22. h3 a5 {[%cal Ba6a5,Ba5a4,Ba4a3][%mdl 32]} 23. Rc1 O-O (23... a4 $11) 24. Rf1 Rfc8 25. Qf3 a4 26. Qg4 $2 {[%mdl 8192] [#]} (26. f5 $11 {and White has nothing to worry.} gxf5 27. g4 hxg3 28. Rg2 $1 {[%mdl 512]} (28. Qxg3+ Kf8 $15)) 26... a3 $1 $19 {[%cal Ra3b2]} 27. b3 Rxc3 {Accuracy: White = 73%, Black = 83%.} 0-1

[Event "3. Open Bohumin 2020"]
[Site "Bohumin"]
[Date "2020.07.22"]
[Round "5.4"]
[White "Czerwonski, Aleksander"]
[Black "Poysti, Nathanael"]
[Result "0-1"]
[WhiteElo "2362"]
[BlackElo "2209"]
[Annotator "TA"]
[PlyCount "186"]
[EventDate "2020.07.18"]
[EventType "swiss"]
[EventCountry "CZE"]
[SourceTitle "playchess.com"]
[Source "ChessBase"]
[SourceQuality "1"]

{[%evp 9,186,0,0,0,0,0,0,0,0,0,0,0,0,0,0,-18,-33,-79,-72,-79,-79,-79,-85,-82,33,35,35,44,47,0,44,9,10,0,102,106,121,121,123,123,116,79,96,35,841,35,37,36,64,27,19,3,3,7,20,3,3,3,3,3,8,8,8,8,8,8,10,-504,-500,-909,-908,-908,-894,-868,-812,-934,-905,-883,-855,-826,-787,-790,-614,-782,-685,-614,0,-606,-606,-611,-585,-585,-577,-569,-484,-558,-541,-469,-379,-2812,-2284,-2262,-2145,-1102,-1102,-2279,-1102,-1102,-1102,-2606,-805,-794,-787,-787,-469,-1102,-1102,-829,-469,-454,-398,-1102,-927,-29966,-29967,-29966,-29968,-29969,-29968,-29971,-29967,-29968,-29963,-29963,-29964,-29968,-29967,-29967,-29968,-29968,-29967,-29968,-29969,-29969,-29969,-29968,-29970,-29970,-29970,-29971,-29972,-29972,-29973,-29972,-29973,-29972,-29971,-29970,-29970,-29975,-29969,-29969,-29970,-29970,-29971,-29970,-29972,-29974,-29969,-29969,-29970,-29969,-29970,-29973,-29974,-29971,-29971,-29971,-12359]} 1. d4 Nf6 2. c4 e6 3. Nf3 a6 4. Nc3 d5 5. Bg5 dxc4 6. e3 {D24: Queen's Gambit Accepted: 3 Nf3 Nf6 4 Nc3.} b5 7. a4 c6 8. axb5 {The position is equal.} cxb5 9. Bxf6 gxf6 {[#]} 10. Nxb5 $1 {[%mdl 512]} axb5 11. Rxa8 Bb7 12. Ra7 Bb4+ 13. Nd2 Qb6 14. Rxb7 Qxb7 {[#]} 15. Be2 $146 ({Predecessor:} 15. f3 e5 16. Kf2 exd4 17. exd4 O-O 18. Ne4 Qb6 19. Be2 Rd8 20. Qc1 Qxd4+ 21. Kg3 {0-1 (32) Ozkan,E (2206)-Lupulescu,C (2634) Konya 2017}) 15... Qxg2 16. Bf3 Bxd2+ ({Better is} 16... Qg6 $17 {White must now prevent ...Rg8.} 17. Bh5 Qf5) 17. Ke2 $14 Qg6 $1 {[%csl Gc4][%cal Rg6d3]} 18. Qxd2 O-O 19. Ra1 e5 20. dxe5 $1 fxe5 21. Qb4 Rd8 (21... Nd7 $11) 22. Qxb5 $16 {[#]} c3 $1 {[%mdl 512]} 23. bxc3 Qc2+ 24. Kf1 Qxc3 25. Ra8 Qc7 26. Qa4 (26. h3 $16) 26... Nd7 $2 {[%mdl 8192]} (26... Kh8 $14) 27. Ra7 $2 ({White has to play} 27. Qc6 $18 Qxc6 28. Rxd8+ (28. Bxc6 Rxa8 29. Bxa8 Nc5 $11) 28... Kg7 29. Bxc6) 27... Qd6 $1 $14 28. Qg4+ Kf8 29. Qf5 (29. Be2 {is more complex.} Qc6 30. f3 e4 31. Qh4 Ra8 32. Rxa8+ Qxa8 33. Qxh7 Qa1+ 34. Kf2) 29... Qg6 $1 {[%cal Rg6f5]} 30. Qxg6 (30. Be4 {seems wilder.} Nf6 31. Ra6 Qxf5 32. Bxf5 Kg7 33. Ra7) 30... hxg6 $11 {[%mdl 4096] Endgame KRB-KRN} 31. Bd5 Ke7 32. e4 f6 33. h4 Rh8 34. Kg2 Kd6 35. Ra6+ Ke7 36. Re6+ Kd8 37. Kg3 Rf8 38. Bc6 $2 {[%mdl 8192]} (38. Rc6 $11 {and White has nothing to worry.}) 38... Nc5 $19 39. Bd5 (39. Rd6+ $142 Kc7 40. Rd2 Kxc6 41. f3) 39... Nxe6 40. Bxe6 {KR-KB} Ke7 41. Bg4 Rh8 42. Kh3 Kd6 43. Kg3 Rh7 44. Bd1 Kc5 45. Ba4 Re7 46. Kg4 Kd4 47. Bc6 Kc5 48. Ba4 $1 Kd6 49. Bd1 Rg7 50. Ba4 Ke7 51. Bb3 Rh7 52. Bg8 Rh8 53. Bd5 Rb8 54. f3 $2 (54. Bc6) 54... Rb1 55. Kg3 Rd1 56. Bb3 Rh1 57. Bc2 Kf7 58. Bb3+ Kg7 59. Be6 {[#]} Kh6 (59... f5 $142 $1 60. exf5 Kf6) 60. Kg4 Rg1+ 61. Kh3 Rd1 62. Kg4 (62. Kg3 $142 Kg7 63. Bg4) 62... Kg7 63. Bc8 Kf7 64. Kg3 Rc1 65. Bb7 $2 (65. Bg4) 65... f5 66. exf5 gxf5 {Black mates.} 67. Ba6 Kf6 68. Bb5 Rg1+ 69. Kf2 Rb1 70. Bc6 Rb2+ 71. Kg3 Rb3 72. Kf2 Rb6 73. Bd5 Rd6 74. Bb7 Rd7 75. Bc6 Rg7 76. Bd5 Rg6 77. Bc6 f4 78. h5 Rg8 79. Be4 Kg5 80. Bg6 Rb8 81. Ke2 Rb3 82. Bf7 Re3+ 83. Kf2 Ra3 84. Ke2 Ra7 85. Bg6 Rd7 86. Be8 Rd6 87. Bg6 Kh4 88. Kf2 Kh3 89. Bf5+ {[#]} Kh2 $1 90. Be4 Rb6 91. Bf5 Rb2+ 92. Kf1 Kg3 93. Be4 Rh2 {What a bad dream for White. Accuracy: White = 64%, Black = 80%.} 0-1

[Event "3. Open Bohumin 2020"]
[Site "Bohumin"]
[Date "2020.07.22"]
[Round "5.5"]
[White "Michenka, Jozef"]
[Black "Pilch, Roman"]
[Result "1-0"]
[WhiteElo "2299"]
[BlackElo "2164"]
[Annotator "ChessBase"]
[PlyCount "46"]
[EventDate "2020.07.18"]
[EventType "swiss"]
[EventCountry "CZE"]
[SourceTitle "playchess.com"]
[Source "ChessBase"]
[SourceQuality "1"]
[TimeControl "40/5400+30:900+30"]

1. d4 {[%emt 0:00:02]} Nf6 {[%emt 0:00:20]} 2. c4 {[%emt 0:00:19]} c5 {[%emt 0:00:21]} 3. d5 {[%emt 0:00:22]} b5 {[%emt 0:00:03]} 4. cxb5 {[%emt 0:00:13]} a6 {[%emt 0:00:04]} 5. bxa6 {[%emt 0:00:06]} Bxa6 {[%emt 0:00:09]} 6. Nc3 {[%emt 0:00:15]} g6 {[%emt 0:00:25]} 7. e4 {[%emt 0:00:14]} Bxf1 {[%emt 0:00:16]} 8. Kxf1 {[%emt 0:00:06]} d6 {[%emt 0:00:11]} 9. Nf3 {[%emt 0:00:09]} Bg7 {[%emt 0:00:42]} 10. g3 {[%emt 0:00:07]} O-O {[%emt 0:00:07]} 11. Kg2 {[%emt 0:00:08]} Nbd7 {[%emt 0:00:25]} 12. a4 {[%emt 0:00:16]} Qb6 {[%emt 0:10:53]} 13. Qe2 {[%emt 0:00:21]} Rfb8 {[%emt 0:08:43]} 14. Nb5 {[%emt 0:00:23]} Ne8 {[%emt 0:04:21]} 15. Bg5 {[%emt 0:00:24]} h6 {[%emt 0:05:19]} 16. Bxe7 {[%emt 0:02:08]} f6 {[%emt 0:00:39]} 17. Nh4 {[%emt 0:00:09]} Kh7 {[%emt 0:42:14]} 18. Nxg6 {[%emt 0:04:05]} Kxg6 {[%emt 0:03:27]} 19. Qg4+ {[%emt 0:00:09]} Kh7 {[%emt 0:00:16]} 20. Qxd7 {[%emt 0:00:42]} Rb7 {[%emt 0:02:11]} 21. Qe6 {[%emt 0:01:13]} Kh8 {[%emt 0:02:43]} 22. Bxd6 {[%emt 0:03:27]} Nxd6 {[%emt 0:06:09]} 23. Nxd6 {[%emt 0:00:18]} Rba7 {[%emt 0:00:09]} 1-0